Statistics for Why Don't We Songs (2022 edition).

Click here to take the quiz!

General Stats

  • This quiz has been taken 116 times
    (111 since last reset)
  • The average score is 40 of 64

Answer Stats

Album.Song% Correct
8 Letters (August 2018).8 letters
92%
Something Different (April 2017).Something different
86%
Released Singles (2017 Onwards).Trust fund baby
81%
In too deep
80%
Invitation (September 2017).Invitation
80%
Love song
78%
What am i
78%
Why Don't We Just (June 2017).Why don't we just
78%
Big plans
76%
Lotus inn
76%
Don't change
75%
The Good Times And The Bad Ones (January 2021).Fallin' (Adrenaline)
75%
Free
75%
Latest Singles (October 2021 Onwards).Love back
75%
Slow down
75%
Taking you
75%
Talk
75%
Choose
73%
Come to Brazil
73%
Grey
73%
Hooked
73%
Chills
71%
Cold in LA
71%
Friends
71%
I don't belong in this club
71%
Can't you see
69%
How do you love somebody
69%
Just friends
69%
These girls
69%
I still do
66%
Look at me
66%
Stay
66%
Be myself
64%
For you
64%
Hard
64%
M.I.A
63%
Only The Beginning (November 2016).Nobody gotta know
63%
Unbelievable
63%
I'll be okay
61%
A Why Don't We Christmas (November 2017).Kiss you this Christmas
59%
Mad at you
59%
Just to see you smile
58%
With you this Christmas
58%
Silent night
56%
Boomerang
54%
Don't wake me up
54%
Words I didn't say
54%
Perfect
53%
Runner
53%
We the party
53%
You and me at Christmas
53%
All my love
47%
Help me help you
47%
Let me down easy (lie)
46%
Made for
46%
Turn it off
46%
Hey good lookin
44%
Mistletoe
42%
On my way
42%
Tell me
41%
I depend on you
39%
Merry little Christmas
39%
Never know
39%
Air of the night (smooth step)
34%

Score Distribution

Percentile by Number Answered

Percent of People with Each Score

Your Score History

You have not taken this quiz since the last reset